000 00453nam a2200205Ia 4500
003 IT-RoPAU
008 120407s9999 xx 000 0 und d
040 _aIT-RoPAU
040 _cIT-RoPAU
041 _alat
100 _aAlexius Lépicier
245 _a"Institutiones theologiae speculativae. Cursus brevior."
250 _aTorino
260 _aMarietti
260 _c1931
300 _c22 cm
490 _v1
942 _cBK
999 _c23981
_d23981